| 000 | 00810nam a2200277 a 4500 | ||
|---|---|---|---|
| 999 |
_c2950 _d2950 |
||
| 001 | 2950 | ||
| 003 | BD-JhCC | ||
| 005 | 20171108195352.0 | ||
| 008 | 880808t19701959ctu b 001 0 eng d | ||
| 020 | _a0819560103 | ||
| 035 | _a(BD-JhCC)2950 | ||
| 040 |
_aDLC _cDLC _dm.c |
||
| 041 | _aeng | ||
| 050 | 0 | 0 |
_aCB19 _b.B69 1959 |
| 082 |
_a363.12 _bBRO 1970 |
||
| 100 | 1 |
_aBrown, Norman Oliver _d1913-2002. |
|
| 245 | 1 | 0 |
_aLife against death : _bthe psychoanalytical meaning of history / _cby Norman O. Brown |
| 250 | _aPaperback Edition | ||
| 260 |
_aMiddletown, Conn : _bWesleyan University Press, _c1970, c1959 |
||
| 300 |
_axii, 366 p. ; _c19 cm |
||
| 504 | _aIncludes bibliography and index | ||
| 650 | 0 | _aPsychoanalysis | |
| 650 | 0 |
_aHistory _xPhilosophy |
|
| 650 | 0 | _aDeath instinct | |
| 942 |
_2ddc _cBK |
||